| 000 | 01439nam a2200361 i 4500 | ||
|---|---|---|---|
| 003 | EG-ScBUE | ||
| 005 | 20231207104058.0 | ||
| 008 | 190217s2015 ua o f 000 0aara d | ||
| 017 | _a2015 / 2608 | ||
| 020 | _a9789772022847 | ||
| 040 |
_aEG-ScBUE _bara _erda _cEG-ScBUE _dEG-ScBUE |
||
| 041 | 1 |
_aara _hheb |
|
| 043 | _aa-is--- | ||
| 082 | 0 | 4 |
_a956.9405092 _bم ا ئ _222 |
| 100 | 1 |
_aمائير، جولدا، _d1898-1978، _eمؤلف. |
|
| 240 | 1 | 0 |
_aConfessions of Golda meir. _lArabic |
| 245 | 1 | 0 |
_aاعترافات جولدا مائير / _cترجمة عزيز عزمي. |
| 250 | _aالطبعة الثانية. | ||
| 264 | 1 |
_aالقاهرة : _bالشركة القومية للطبع والنشر والتوزيع، _c2015. |
|
| 300 |
_a282 صفحة : _bصور ؛ _c24 سم |
||
| 336 |
_2rdacontent _aنص _btxt |
||
| 337 |
_aبدون وسيط _2rdamedia _bn |
||
| 338 |
_aمجلد _bnc _2rdacarrier |
||
| 546 | _aالنص باللغة العربية وتم ترجمته من اللغة العبرية. | ||
| 600 | 1 | 7 |
_aمائير، جولدا، _d1898-1978 _xمذكرات. _2BUEsh |
| 650 | 7 |
_aالسياسيون الإسرائيليون _vتراجم. _2BUEsh |
|
| 650 | 7 |
_aإسرائيل _xتاريخ _yالعصر الحديث _yجولدا مائير، 1969-1974م. _2BUEsh |
|
| 651 | _2BUEsh | ||
| 653 |
_bBUSBOL _bGGEN _cFebruary2019 |
||
| 655 | _vReading book | ||
| 700 | 1 |
_aعزمي، عزيز، _eمترجم. |
|
| 942 | _2ddc | ||
| 999 |
_c27173 _d27145 |
||